| 000 | 01471nam a22002417a 4500 | ||
|---|---|---|---|
| 999 |
_c59754 _d59754 |
||
| 003 | Ge_BSU | ||
| 005 | 20230411100240.0 | ||
| 008 | 230411s1991 ge ||||| |||| 00| 0 geo d | ||
| 020 | _a5520010854 | ||
| 041 | _ageo | ||
| 080 | _a726:27-523.4(=353.1)(560) ჯ-63 | ||
| 100 |
_aჯობაძე, ვახტანგ _917596 |
||
| 245 |
_aოშკის ტაძარი : _b(ორი წერილი ოშკის ტაძარზე) / _cვახტანგ ჯობაძე; [რედ.: ნ. ალადაშვილი]; საქ. მეცნ. აკადემია. გ. ჩუბინიშვილის სახ. ქართ. ხელოვნ. ისტ. ინ-ტი. |
||
| 264 |
_aთბილისი : _bმეცნიერება, _c1991. |
||
| 300 |
_a67გვ. ; _b20სმ. |
||
| 504 | _aბიბლიოგრ. ტექსტ. შენიშვნ. | ||
| 653 | _aქართული ეკლესია-მონასტრები თურქეთში | ||
| 653 | _aქართული საეკლესიო არქიტექტურა | ||
| 653 | _aოშკის ტაძარი | ||
| 700 |
_aალადაშვილი, ნ. _eრედაქტორი _917597 |
||
| 710 |
_aსაქ. მეცნ. აკადემია _917598 _eგ. ჩუბინიშვილის სახ. ქართ. ხელოვნ. ისტ. ინ-ტი. |
||
| 942 |
_2udc _cBK |
||